000
00215 a2200097 4500
001
2126
100
_a
Glavert, N
245
_a
Elements of aerofoil & Aircrew theory
260
_a
_b
Cambridge
_c
090
_c
1566
_d
1566
942
_a
NUST-CAE
_c
M
_c
6291
999
_c
237199
_d
237199